000 00426nam a2200157 i 4500
001 146815
003 ES-MaACL
005 20230906201659.0
007 t|
008 070918s1954 it ||||1| ita d
100 1 _aTroni, Armando.
_9111507
245 1 3 _aIl Canale di Corinto /
_cArmando Troni.
260 _a[s.l] :
_b[s.n.],
_c1954.
300 _a8 p. :
_b1 map. pleg. ;
_c25 cm.
852 _aES-MaACL
_j2034-F-8
_bR.50233
999 _c146815
_d146815